000 01550cad a2200289 4500
001 L159357
005 20241205152214.0
008 161124s2016 xxk f 000 0 eng u
020 _a9781783211685
035 _a(Sirsi) u159357
041 0 _aeng
050 0 4 _a346.420434 $2 18
110 2 _aRoyal Institution of Chartered Surveyors
_94900
245 0 0 _aDilapidations in England and Wales
_h[electronic resource]
250 _a7th ed.
260 _aLondon,
_bRoyal Institution of Chartered Surveyors,
_c2016
490 0 _aRICS Guidance Note
490 0 _aRICS Professional Standard
520 _aAdvises on the factors to be taken into consideration when producing Schedules of Dilapidations, Quantified Demands, Responses, Scott Schedules and Diminution Valuations for reference to or use by the client, the other party to the lease, third parties and tribunals. Includes worked examples of a costed Schedule of Dilapidations, a Quantified Demand and a Scott Schedule. Effective from 1 December 2016.
520 _aSupersedes 6th edition ISBN 9781842197790
520 _aThis document was originally published in September 2016 as an RICS guidance note and reissued in December 2023 as an RICS professional standard.
590 _aNTK
651 4 _aEngland and Wales
_y1543-
690 _aDilapidations
_96235
856 4 1 _uhttps://www.rics.org/profession-standards/rics-standards-and-guidance/sector-standards/building-surveying-standards/dilapidations-in-england-and-wales
_zView the guidance at www.rics.org
942 _n0
_2ddc
999 _c115833
_d115833